عرض عادي
عرض مارك
- Cardiovascular system
مدخل مصطلح موضوعي
001 - رقم الضبط
- حقل الضبط: 5448
003 - معرف رقم الضبط
- حقل الضبط: OSt
005 - تاريخ ووقت أخر عملية
- حقل الضبط: 20111023150656.0
008 - عناصر بيانات ثابتة الطول
- حقل تحكم ثابت الطول: 111023|||a|||||| | ||| d
040 ## - مصدر الفهرسة
- هيئة الفهرسة الأصلية: OSt
- وكالة الكتابة: OSt
150 ## - مدخل-- مصطلح تاريخي
- عنصر مدخل المصطلح الموضوعي او الاسم الجغرافي: Cardiovascular system
- تفريع عام: Mechanical properties
- تفريع شكلي: Congresses. 0
670 ## - بيانات المصدر موجوده
- الاستشهاد بالمصدر: Work cat.: (OSt)862: Advanced School on "Biomechanics of Soft Tissue" (2001 Udine, Italy)10 5445, Biomechanics of soft tissue in cardiovascular systems /, c2003.
